000 00941na a2200277 4500
001 17974
003 MIRAKIL
005 20181213155022.0
008 161109b tu 000 0
040 _aMilas
_btur
_cTR-AnCHP
041 _atur
082 _aSHP 324.3
_bC67 1993
090 _aSHP 324.3 C67 1993
245 _aCoşkuyla akan aynı ırmakta CHP'den SHP'ye İzmir İl Başkanları
_cSHP İzmir İl Başkanlığı
246 _aİzmir İl Başkanları
246 _aCHP'den SHP'ye İzmir İl Başkanları
260 _a[İzmir]
_bSHP İzmir İl Başkanlığı
_c1993
300 _a111 s.
_bfotg.
_c24 sm.
490 _aSosyaldemokrat Halkçı Parti (SHP) yayınları
610 _aSHP
_xİl başkanları
_yTarih
_zİzmir
610 _aCHP
_xİl başkanları
_yTarih
_zİzmir
710 _aSHP
_bİzmir İl Başkanlığı
740 _aCHP'den SHP'ye İzmir İl Başkanları
830 _aSHP yayınları
942 _2dcc
_cBKS
999 _c4914
_d4914